000 00421pab a2200157 454500
008 180718b2012 xxu||||| |||| 00| 0 eng d
100 _aBloom, Stephen
245 _aDoes a nationalist card make for a weak hand? Economic decline and shared pain
260 _c2012
300 _ap.166-178.
362 _aMar
650 _aEconomic recession
773 _aPolitical Research Quarterly
908 _aN
909 _a96590
999 _c96590
_d96590